[Event "22nd OIBM 2018"]
[Site "Gmund am Tegernsee"]
[Date "2018.11.02"]
[Round "7"]
[White "Perske, Thore"]
[Black "Pieper, Thomas"]
[Result "1/2-1/2"]
[WhiteElo "2454"]
[BlackElo "2213"]
[Annotator "TA"]
[PlyCount "98"]
[EventDate "2018.10.27"]
[EventType "swiss"]
[EventCountry "GER"]
[SourceTitle "playchess.com"]
[Source "ChessBase"]
[SourceQuality "1"]

{[%evp 12,98,18,14,19,-16,-17,-37,-18,-22,-28,-29,-29,-55,-28,-40,14,15,0,0,0,-60,-56,-60,-28,-80,-97,-158,-138,-133,-117,-118,-108,-111,-114,-275,-186,-179,-192,-183,-192,-238,-239,-271,-270,-231,-137,-140,-152,-149,-143,-161,-142,-195,-177,-162,-162,-187,-166,-160,-152,-156,-158,-159,-147,-156,-129,-135,-135,-131,-135,-205,-211,-211,-97,-109,-77,-143,-83,-80,0,0,0,0,0,-1,0,0,0]} 1. e4 e5 2. Nf3 Nc6 3. Bb5 Nf6 4. d3 Bc5 5. Bxc6 dxc6 6. Qe2 {C65: Ruy Lopez: Berlin Defence (3...Nf6), unusual lines and 4 0-0 Bc5} Nd7 7. Be3 {LiveBook: 15 Games} O-O $146 ({Predecessor:} 7... Bd6 8. Nbd2 c5 9. Nc4 O-O 10. O-O Re8 11. Nfd2 Nf8 12. Nxd6 cxd6 13. f4 exf4 14. Bxf4 {0-1 (67) Kuzubov,Y (2652)-Wang,H (2702) Tbilisi 2017}) 8. Bxc5 Nxc5 9. Nxe5 Qg5 {...Qc1+ is the strong threat.} 10. Nc4 Qxg2 11. Qf1 Qf3 12. Nbd2 Qf4 13. Qg1 a5 (13... b5 $15 14. Na5 Qf6) 14. Qg3 $11 Ne6 15. Ne3 a4 16. Ng2 (16. a3 $11) 16... Qf6 {And now ...a3 would win.} 17. e5 $1 {[%cal Re5f6]} Qf5 18. f4 (18. Ne3 $11 {keeps the balance.} Qf4 19. Ne4) 18... Nd4 $17 {Hoping for ...Qh5.} 19. Ne3 (19. Rc1 $142) 19... Qh5 $36 {[%csl Gd4][%cal Rh5e2][%mdl 2048] Black has strong initiative.} 20. Qf2 f6 21. c3 Ne6 ({Weaker is} 21... fxe5 22. cxd4 Rxf4 23. Qg3 $11) 22. exf6 Rxf6 23. Ng2 $2 (23. f5 $17 {was called for.} Nc5 24. O-O) 23... Nxf4 24. Nxf4 Qe5+ 25. Qe2 Qxf4 26. Ne4 Rf8 27. Rf1 Qh4+ 28. Kd2 Bh3 (28... Bg4 $19 29. Qe3 Rxf1 30. Rxf1 Qxh2+ 31. Qf2 Qxf2+ 32. Rxf2 Rf8) 29. Rxf8+ Rxf8 30. Rg1 {[#]} c5 $1 {[%mdl 512]} 31. Qe3 (31. Nxc5 Rf2) 31... b6 32. c4 (32. Qg3 $17 Qxg3 33. Rxg3) 32... Bd7 33. Qg3 Qxg3 34. hxg3 $19 {[%mdl 4096] Endgame KRB-KRN} Bc6 35. Ke3 h6 36. Rb1 Kf7 37. b4 axb3 38. axb3 Ra8 39. b4 cxb4 40. Rxb4 Re8 41. Rb1 (41. c5 $17) 41... Bxe4 42. dxe4 {KR-KR} Ra8 (42... Re5 $19 {has better winning chances.} 43. Kd4 Ra5) 43. c5 $17 Ra3+ 44. Kf4 {[#]} (44. Kf2 $142) 44... bxc5 (44... g5+ $142 $1 45. Ke5 Ra5) 45. Rb7 Rc3 ({Better is} 45... Ke6 $17 {Strongly threatening ...g5+.} 46. Rxc7 g5+ 47. Kg4 Rc3 48. Rc6+ Ke5 49. Rxh6 c4) 46. Rxc7+ $11 {The position is equal.} Kf6 47. Rc6+ Kf7 48. Rc7+ Kf6 49. Rc6+ Kf7 {Precision: White = 49%, Black = 62%.} 1/2-1/2

[Event "22nd OIBM 2018"]
[Site "Gmund am Tegernsee"]
[Date "2018.11.02"]
[Round "7"]
[White "Hoffmann, Michael"]
[Black "Lederle, Vitus"]
[Result "1-0"]
[WhiteElo "2441"]
[BlackElo "2190"]
[Annotator "TA"]
[PlyCount "99"]
[EventDate "2018.10.27"]
[EventType "swiss"]
[EventCountry "GER"]
[SourceTitle "playchess.com"]
[Source "ChessBase"]
[SourceQuality "1"]

{[%evp 22,99,15,12,25,14,37,37,50,52,59,50,52,41,72,60,51,35,117,109,101,74,119,118,165,63,75,50,67,48,56,41,62,54,60,0,1,7,127,77,77,46,56,56,316,324,295,56,75,66,75,70,77,47,75,31,42,0,47,47,48,54,87,0,64,49,60,43,106,64,223,227,845,842,936,905,29976,29977,29976,29977]} 1. d4 e6 2. c4 b6 3. Nf3 Nf6 4. Nc3 Bb4 5. Qc2 Bb7 6. a3 Bxc3+ 7. Qxc3 d6 8. g3 Nbd7 9. Bg2 O-O 10. O-O Qe7 11. b4 Be4 {E32: Nimzo-Indian: Classical (4 Qc2): 4...0-0} 12. Bb2 {LiveBook: 4 Games} Rfe8 13. Rfd1 {[#]} d5 $146 {The position is equal.} ({Predecessor:} 13... c6 14. Bf1 h6 15. Nd2 Bh7 16. Rac1 e5 17. dxe5 Nxe5 18. Bg2 d5 19. cxd5 cxd5 20. Qxe5 Qxe5 21. Bxe5 Rxe5 {½-½ (43) Nikolov,M (2478)-Timman,J (2581) Budva 2009}) 14. Rac1 Rac8 15. Ne5 Bxg2 16. Kxg2 a6 17. Qd3 dxc4 18. Qxc4 b5 19. Qc6 Qd6 (19... Nb6 $14) 20. Qf3 $1 $16 Nb8 21. Rc5 Re7 22. Rdc1 Nd5 23. Nc6 (23. e4 $18 Nb6 24. Qb3) 23... Nxc6 $14 24. Rxc6 Qd7 25. Rxa6 c6 $1 26. e4 Qb7 27. Ra5 Nb6 28. d5 (28. Rc5 $14) 28... exd5 $11 29. exd5 $40 {[%mdl 128] White is up to no good.} Nc4 (29... Nxd5 $11 30. Bd4 Ra8) 30. dxc6 Rxc6 {[#]} 31. Ra7 $1 {[%cal Ra7b7][%mdl 512]} Qxa7 32. Qxc6 {Qc8+ would kill now.} Qb7 $2 {[%mdl 8192]} ({Black should try} 32... Qd7 $14 33. Qxd7 Rxd7) 33. Qxb7 $18 Rxb7 {[%mdl 4096] Endgame [#] KRB-KRN} 34. Rc2 $2 ({White has to play} 34. a4 $1 $18 {[%mdl 512]}) 34... f6 35. Bc1 Ra7 36. Kf3 Kf7 37. Rc3 Ke6 38. Ke4 Rd7 39. Kf3 Rc7 {...Ne5+ is the strong threat.} 40. Ke2 Kd5 41. Rd3+ Kc6 42. Rc3 ({Better is} 42. Rd8 $16) 42... Ra7 (42... Kd5 $11) 43. g4 Kd5 44. Rh3 h6 (44... g6 $14) 45. Rh5+ $16 Kc6 $2 (45... Ne5 $1 $14) 46. Rc5+ $18 Kb6 $2 {[#]} (46... Kd6 47. Rxb5 Nxa3) 47. Rxc4 $1 {[%mdl 512]} Re7+ (47... bxc4 48. Be3+) 48. Be3+ Rxe3+ 49. Kxe3 bxc4 50. a4 {Precision: White = 49%, Black = 30%.} 1-0

[Event "22nd OIBM 2018"]
[Site "Gmund am Tegernsee"]
[Date "2018.11.02"]
[Round "7"]
[White "Souleidis, Georgios"]
[Black "Boehm, Juergen"]
[Result "0-1"]
[WhiteElo "2436"]
[BlackElo "2174"]
[Annotator "TA"]
[PlyCount "76"]
[EventDate "2018.10.27"]
[EventType "swiss"]
[EventCountry "GER"]
[SourceTitle "playchess.com"]
[Source "ChessBase"]
[SourceQuality "1"]

{[%evp 20,76,97,36,77,75,81,101,78,53,90,87,181,186,180,172,200,93,98,98,108,102,93,98,107,114,286,13,13,17,19,0,0,0,0,0,92,0,99,-40,-56,0,-35,-77,-57,-651,-652,-637,-643,-748,-748,-791,-798,-816,-821,-815,-800,-845,-845]} 1. e4 e6 2. d4 d5 3. exd5 exd5 4. Nf3 Bg4 5. h3 Bh5 6. Qe2+ Qe7 7. Be3 Nc6 8. Nc3 O-O-O 9. O-O-O Nf6 10. g4 {[%cal Bg2g4,Bg4g5][%mdl 32]} Bg6 11. Nh4 {LiveBook: 4 Games. C01: French: Exchange Variation} (11. Ne5 $1 $16) (11. Bg2 Ne4 12. Nxe4 Bxe4 13. a3 g6 14. Rhe1 Bg7 15. Bf1 h5 16. Nd2 Bxd4 17. Nxe4 dxe4 18. Bxd4 Nxd4 19. Qxe4 {0-1 (34) Bacrot,E (2708)-Caruana,F (2808) Paris 2017}) 11... Qb4 12. Nxg6 $146 ({Predecessor:} 12. Bg2 Qa5 13. Nxg6 hxg6 14. g5 Ne8 15. Qf3 f5 16. Kb1 Ne7 17. Rhe1 Nd6 18. Nxd5 Ne4 {0-1 (26) Arngrimsson,D (2267)-Sebestyen,B (2317) Budapest 2006}) 12... hxg6 13. g5 {White is better.} Nh5 14. Bg2 Qa5 15. Qf3 f5 (15... f6 $16 {keeps fighting.}) 16. Kb1 $1 $18 Ne7 17. Rhe1 $36 {[%mdl 2048] White is really pushing.} c6 18. Bc1 (18. Ne2 $18) 18... Kb8 $16 19. Re6 Qc7 20. Rde1 Nc8 21. Rxg6 Bd6 22. Rge6 Nf4 $2 {[#]} (22... Bf4 $16 {might work better.}) 23. Bxf4 $2 (23. Rxd6 $1 $18 {[%mdl 512]} Nxg2 (23... Qxd6 24. Bxf4) 24. Rxd8 Nxe1 25. Bf4 Nxf3 26. Bxc7+ Kxc7 27. Rxh8 Nxd4 28. h4) 23... Bxf4 $11 24. g6 Bg5 25. Qxf5 Bd2 26. R1e2 Bxc3 $1 27. bxc3 Qa5 (27... Ka8 $11) 28. R2e3 (28. Qe5+ $16 Qc7 29. Qg3) 28... Ka8 {[#]} (28... Nb6 $1 $11 {remains equal.} 29. Bf1 Ka8) 29. Qe5 (29. Bf1 $1 $16) 29... Qb5+ $15 30. Kc1 $1 Nb6 $1 {[%cal Bc8b6,Bb6c4,Bc4e3][%mdl 32] ...Nc4 is the strong threat.} 31. Qxg7 Nc4 {Hoping for ...Qb2+.} 32. Qxh8 $4 {[%mdl 8192]} (32. Re1 $15 Qb2+ 33. Kd1) 32... Qb2+ $19 {Black is clearly winning.} 33. Kd1 {[%cal Rh8d8]} Nxe3+ ({And not} 33... Rxh8 34. Re8+ Rxe8 35. Rxe8#) ({Don't blunder} 33... Qb1+ $2 34. Ke2 $18) 34. Rxe3 {[%cal Rh8d8]} Rxh8 35. Kd2 Qa3 36. Bf1 Qf8 37. Ke1 Qf6 38. Rg3 Re8+ {Precision: White = 38%, Black = 50%.} 0-1

[Event "22nd OIBM 2018"]
[Site "Gmund am Tegernsee"]
[Date "2018.11.02"]
[Round "7"]
[White "Meins, Gerlef"]
[Black "Renner, Kai"]
[Result "1/2-1/2"]
[WhiteElo "2408"]
[BlackElo "2159"]
[Annotator "NA"]
[PlyCount "48"]
[EventDate "2018.10.27"]
[EventType "swiss"]
[EventCountry "GER"]
[SourceTitle "playchess.com"]
[Source "ChessBase"]
[SourceQuality "1"]
[TimeControl "40/5400+30:1800+30"]

1. Nf3 {[%emt 0:00:00]} d5 {[%emt 0:00:00]} 2. g3 {[%emt 0:00:01]} Nf6 {[%emt 0:00:03]} 3. Bg2 {[%emt 0:00:06]} e6 {[%emt 0:00:31]} 4. O-O {[%emt 0:00:18]} c5 {[%emt 0:05:19]} 5. c4 {[%emt 0:07:12]} d4 {[%emt 0:05:12]} 6. e3 {[%emt 0:01:24]} Nc6 {[%emt 0:11:02] LiveBook: 298 Games} 7. exd4 {[%emt 0:00:36]} cxd4 {[%emt 0:00:20]} 8. d3 {[%emt 0:01:14]} Be7 {[%emt 0:00:28]} 9. Bg5 {[%emt 0:17:12]} O-O {[%emt 0:04:10]} 10. a3 {[%emt 0:06:44]} a5 {[%emt 0:03:00]} 11. Nbd2 {[%emt 0:00:32]} Nd7 {[%emt 0:06:49]} 12. Bxe7 {[%emt 0:00:20]} Qxe7 {[%emt 0:00:14]} 13. Qe2 {[%emt 0:06:34]} Nc5 {[%emt 0:07:42]} 14. Ne4 {[%emt 0:17:07]} Nxe4 $14 {[%emt 0:04:29]} 15. Qxe4 {[%emt 0:01:45]} Rd8 {[%emt 0:03:24]} 16. Rfe1 {[%emt 0:11:12]} a4 {[%emt 0:08:14]} 17. Rac1 {[%emt 0:04:34]} Ra5 {[%emt 0:04:35]} 18. Nd2 {[%emt 0:04:02]} Re5 {[%emt 0:08:36]} 19. Qf3 {[%emt 0:00:44]} Rxe1+ {[%emt 0:00:35]} 20. Rxe1 {[%emt 0:00:02]} Bd7 {[%emt 0:03:46]} 21. Qf4 {[%emt 0:01:59]} Be8 {[%emt 0:03:16]} 22. Nf3 {[%emt 0:07:51]} h6 {[%emt 0:05:24]} 23. h4 {[%emt 0:03:55]} Qc5 {[%emt 0:01:57]} 24. Qd2 {[%emt 0:01:06]} b5 {[%emt 0:03:29]} 1/2-1/2

[Event "22nd OIBM 2018"]
[Site "Gmund am Tegernsee"]
[Date "2018.11.02"]
[Round "7"]
[White "Zajogin, Alexander"]
[Black "Demchenko, Anton"]
[Result "0-1"]
[WhiteElo "2408"]
[BlackElo "2679"]
[Annotator "TA"]
[PlyCount "48"]
[EventDate "2018.10.27"]
[EventType "swiss"]
[EventCountry "GER"]
[SourceTitle "playchess.com"]
[Source "ChessBase"]
[SourceQuality "1"]

{[%evp 9,48,-30,-6,-138,-136,-146,-138,-136,-141,-308,-278,-322,-313,-631,-472,-695,-497,-625,-601,-659,-650,-741,-731,-742,-745,-727,-570,-610,-527,-720,-708,-766,-768,-762,-760,-727,-727,-1055,-1064,-1066,-1040]} 1. d4 d6 2. c4 e5 3. Nc3 exd4 4. Qxd4 Nc6 5. Qe3+ (5. Qd2 Nf6 6. b3 Be6 7. e4 a5 8. Bb2 a4 9. Rd1 axb3 10. axb3 g6 11. Bd3 Bg7 12. Nge2 O-O 13. O-O Nd7 14. Nd5 Nc5 15. Bxg7 Kxg7 {0-1 (40) Dreev,A (2664)-Svidler,P (2759) Almaty 2016}) 5... Be6 6. b3 {[#] A21: English Opening: 1...e5 2 Nc3} (6. Nf3 $11) 6... Nf6 $1 $17 7. Ba3 $146 {[#]} ({Predecessor:} 7. Qd2 d5 8. cxd5 Nxd5 9. Bb2 Nxc3 10. Bxc3 Qxd2+ 11. Kxd2 O-O-O+ 12. Kc2 Ba3 {0-1 (20) Virolainen,V (2214)-Norberg,J (2364) Sweden 2009}) 7... d5 $1 {[%cal Bd6d5,Bd5d4][%mdl 32]} 8. Bxf8 {Black is clearly better.} d4 9. O-O-O $2 (9. Qf4 $17 {is a better defense.} dxc3 10. Ba3) 9... Rxf8 $19 ({Stronger than} 9... dxe3 10. Rxd8+ Rxd8 11. Bxg7 $11) ({Not} 9... Kxf8 10. Qf3 $17) 10. Qg5 Qe7 11. Nb5 $2 (11. Nb1 Ne4 12. Qf4) 11... O-O-O {Black is clearly winning.} 12. Nf3 (12. Kb2 $142 a6 13. Na3) 12... h6 13. Qxg7 Ne4 14. e3 Nxf2 15. exd4 a6 16. Rd2 Nxh1 17. Nc3 Rg8 18. Qxh6 Bg4 {White must now prevent ...Bxf3.} 19. Kb2 Bxf3 20. gxf3 Rh8 21. Qf4 Rh4 22. Qf5+ Kb8 23. Nd5 Qe1 24. Qg5 f6 {Precision: White =  8%, Black = 100%.} 0-1

[Event "22nd OIBM 2018"]
[Site "Gmund am Tegernsee"]
[Date "2018.11.02"]
[Round "7"]
[White "Stark, Lars"]
[Black "Petrosyan, Manuel"]
[Result "1/2-1/2"]
[WhiteElo "2374"]
[BlackElo "2574"]
[Annotator "TA"]
[PlyCount "107"]
[EventDate "2018.10.27"]
[EventType "swiss"]
[EventCountry "GER"]
[SourceTitle "playchess.com"]
[Source "ChessBase"]
[SourceQuality "1"]

{[%evp 19,107,0,2,-6,0,0,0,0,0,0,0,0,0,0,0,0,0,0,36,0,30,28,23,33,32,37,60,56,72,69,139,129,118,122,159,168,158,157,226,235,220,202,280,276,228,180,189,183,183,147,150,150,181,166,181,181,142,148,147,148,128,118,128,110,108,97,142,142,142,142,149,149,149,149,149,0,0,0,0,0,0,0,0,0,0,0,0,0,0,0]} 1. d4 Nf6 2. Nf3 d5 3. c4 e6 4. Bg5 dxc4 5. Qa4+ Nbd7 6. e3 a6 {D30: Queen's Gambit Declined: Systems without Nc3} (6... Be7 7. Bxc4 O-O 8. Be2 h6 9. Bh4 c5 10. O-O a6 11. dxc5 Nxc5 12. Qc2 b6 13. Rd1 Qe8 14. Nc3 {0-1 (36) Laznicka,V (2662)-Gelfand,B (2703) Novy Bor 2018}) 7. Bxc4 Be7 8. O-O O-O 9. Be2 b5 10. Qc2 Bb7 {LiveBook: 3 Games} 11. a4 b4 $146 ({Predecessor:} 11... c5 12. dxc5 Nxc5 13. Bxf6 gxf6 14. axb5 axb5 15. Rxa8 Qxa8 {0-1 (43) Gavrilov,A (2447)-Sjugirov,S (2545) Lipetsk 2008}) 12. Nbd2 c5 13. Rfc1 Rc8 14. Qd1 h6 15. Bh4 g5 16. Bg3 Nh5 17. Nc4 Nxg3 18. hxg3 Nf6 19. dxc5 {Black must now prevent Nd6.} Rxc5 20. Qxd8 Rxd8 21. Nd4 Ne4 22. Nb3 Rf5 23. Bf3 g4 24. Bxg4 Rxf2 (24... Rg5 $14) 25. Bf3 $16 {[#]} Rxf3 $1 {[%mdl 512]} 26. gxf3 Nxg3 27. Kf2 Nf5 28. e4 $36 {[%mdl 2048] White is in control.} Bh4+ (28... Nh4 $16 {was called for.}) 29. Kg2 $1 $18 Ne7 30. Rd1 Rf8 31. Nc5 Bc8 32. Nb6 Ng6 33. Rac1 Bg5 34. Ncd7 Bxd7 35. Nxd7 Bxc1 36. Nxf8 $16 {[%mdl 4096] Endgame KRN-KBN} Nf4+ {[#]} 37. Kh1 $1 {aiming for Nxe6.} Bxb2 38. Nd7 Bc3 39. Nc5 {[%mdl 1024] White has strong compensation.} Ne2 40. Nb3 e5 41. Rd6 Nd4 {[#]} 42. Na5 $1 b3 {[#]} 43. Nxb3 $1 {[%mdl 512]} Nxb3 44. Rd3 Nc5 45. Rxc3 Nxa4 {KR-KN} 46. Rc6 Kg7 47. Rxa6 (47. Kg2 $16) 47... Nc3 $11 {The position is equal.} 48. Kg2 {And now Kf2 would win.} Ne2 $1 49. Kh3 f6 $1 50. Kh4 Nf4 51. Rb6 h5 52. Ra6 Kg6 53. Ra8 Kg7 54. Ra6 {Precision: White = 76%, Black = 65%.} 1/2-1/2

[Event "22nd OIBM 2018"]
[Site "Gmund am Tegernsee"]
[Date "2018.11.02"]
[Round "7"]
[White "Pirrot, Dieter"]
[Black "Walter, Thomas"]
[Result "1/2-1/2"]
[WhiteElo "2373"]
[BlackElo "2084"]
[Annotator "TA"]
[PlyCount "156"]
[EventDate "2018.10.27"]
[EventType "swiss"]
[EventCountry "GER"]
[SourceTitle "playchess.com"]
[Source "ChessBase"]
[SourceQuality "1"]

{[%evp 9,156,-10,13,25,38,0,7,0,4,0,31,41,123,102,99,60,76,47,35,35,43,40,47,45,36,47,81,78,77,69,97,89,159,144,208,208,218,186,317,245,191,151,576,468,908,807,1787,1775,1614,1536,1317,1305,1062,20,29,22,16,23,28,26,31,16,16,0,0,0,0,0,0,0,8,0,0,0,1,0,8,0,8,8,8,8,8,8,8,8,8,8,8,8,28,28,90,90,187,90,90,90,90,90,4141,4141,4141,4141,4141,4141,4141,4141,4141,4141,4137,0,576,0,4137,4137,4129,4129,29977,29980,29979,8,8,14,23,8,8,-24,135,135,135,135,135,135,135,135,135,135,139,135,135,8,133,131,139,139,139,8,8]} 1. d4 c5 2. d5 f5 3. h3 (3. e4 fxe4 4. Nc3 Nf6 5. g4 h6 6. h3 d6 7. Nge2 e5 8. Ng3 Be7 9. Bg2 Na6 10. Ncxe4 Bd7 11. O-O Nxe4 12. Bxe4 {1-0 (29) Seirawan,Y (2635)-Mamedyarov,S (2765) Ningbo 2011}) 3... d6 4. g4 g6 5. Nc3 fxg4 $146 ({Predecessor:} 5... Bg7 6. Bg2 fxg4 7. hxg4 Bxg4 8. Qd3 Nf6 9. Bh6 Bxh6 10. Rxh6 Nbd7 {1-0 (47) Stoppel,M (2012)-Mazurkiewicz,M (2215) Zgierz 2018}) 6. hxg4 {A43: Schmid Benoni} Bxg4 7. f3 Bd7 8. Nh3 Bg7 9. Nf4 Qa5 10. Bd2 {[%mdl 1024] White has compensation.} b5 (10... Be5 $14) 11. Ne4 $1 $16 b4 12. c3 $36 {[%mdl 2048] White has good play.} Na6 13. a3 {aiming for axb4.} bxc3 14. Bxc3 Bxc3+ 15. Nxc3 Nf6 $1 {[#]} 16. Nxg6 $1 {[%mdl 512]} Rg8 (16... hxg6 17. Rxh8+) 17. Nf4 Rb8 18. Qd2 Nc7 19. e4 Qb6 20. O-O-O $1 Rg3 (20... Bb5 $142) 21. Nh5 Rxf3 (21... Nxh5 $16 22. Rxh5 Rxf3) 22. Nxf6+ $18 Rxf6 23. Rxh7 Rf8 (23... Kd8 {is a better defense.} 24. e5 Rf4) 24. Be2 Kd8 25. e5 dxe5 $2 {[#]} (25... Ne8 $16 26. e6 Nf6) 26. Rxe7 $3 {[%mdl 512]} Kxe7 (26... Qxb2+ $142 27. Qxb2 Rxb2) 27. d6+ Kd8 28. dxc7+ Qxc7 29. Qg5+ Kc8 30. Ba6+ Rb7 31. Qe7 $2 ({White should try} 31. Nd5 $18 Qa5 32. Ne7+ Kb8 33. Qxe5+ Qc7 34. Rxd7 Rf1+ 35. Bxf1 Qxe5 36. Nc6+ Kc8 37. Nxe5 Rxd7 38. Bh3) 31... Re8 $1 $11 {[%cal Re8e7]} 32. Qxd7+ Qxd7 33. Rxd7 Kxd7 34. Bxb7 Rh8 35. Kc2 Rh2+ 36. Kb3 c4+ 37. Kxc4 Rxb2 38. Be4 (38. Bd5 {is interesting.} a5 39. Be4 Kd6 40. Ba8 Rc2 41. Bf3) 38... Ke6 39. a4 a5 40. Bd5+ Kf5 41. Bc6 Rb4+ 42. Kc5 e4 43. Bb5 e3 44. Kb6 Rb3 45. Ne2 {White threatens Nd4+ and mate.} Rb2 46. Kxa5 {And now Kb6 would win.} Ke4 47. Kb6 {Black must now prevent a5.} Kf3 $1 48. Nd4+ Ke4 $1 {[%cal Re4d4]} ({Don't blunder} 48... Kf2 $2 49. a5 $18) 49. Kc5 Rd2 50. Ne2 Kf3 (50... Ke5 $1 $11) 51. Nc3 $1 $16 Rc2 (51... Kf2 $16 52. a5 Rd8) 52. Kb4 (52. Kd4 $18 {is more deadly.}) 52... Rd2 53. a5 Rd8 54. a6 {Threatens to win with Ka5.} Kf2 $2 {[%mdl 8192] [#]} (54... Rc8 $16 55. a7 Kf2) 55. Ka5 $1 $18 Ke1 56. a7 Kd2 57. Ne2 Rh8 58. Kb6 Rh6+ 59. Kc7 Rh7+ {[#]} 60. Kb6 (60. Bd7 $142 $1 Rh8 61. Bb5) 60... Rh6+ 61. Ka5 (61. Bc6 $142 Rh8 62. Bb5) 61... Rh8 62. Nd4 Kc3 63. Nc6 Rh1 64. a8=Q e2 65. Nb4 $2 (65. Kb6 {mates} e1=Q 66. Qa3+ Kd2 67. Qb2+ Ke3 68. Qd4+ Kf3 69. Ne5+ Kg2 70. Qd5+ Kh2 71. Nf3+ Kh3 72. Nxe1) 65... Ra1+ $11 66. Ba4 e1=Q {Hoping for ...Rxa4+!} 67. Qd5 {Intending Qd3+ and mate.} Ra3 $1 68. Qg2 Rxa4+ $2 (68... Qe5+ $11 69. Nd5+ Kc4 70. Qf1+ Kxd5 71. Qb5+ Ke6) 69. Kxa4 $16 {Threatening mate with Qf3+.} Qd1+ 70. Kb5 Qd7+ 71. Nc6 Qd3+ 72. Kb6 Qe3+ 73. Kb7 Qc5 74. Qe4 Kd2 75. Nd4 (75. Nb4 $16) 75... Qb4+ (75... Kc3 $1 $11 {remains equal.}) 76. Kc6 Qa4+ 77. Kd6 Qa3+ 78. Ke5 (78. Kd5 $16 {White wants to mate with Qe2+.} Qa8+ 79. Nc6) 78... Qe3 $1 {Precision: White = 57%, Black = 42%.} 1/2-1/2

[Event "22nd OIBM 2018"]
[Site "Gmund am Tegernsee"]
[Date "2018.11.02"]
[Round "7"]
[White "Zude, Arno"]
[Black "Gueci, Tea"]
[Result "1-0"]
[WhiteElo "2349"]
[BlackElo "2166"]
[Annotator "NA"]
[PlyCount "65"]
[EventDate "2018.10.27"]
[EventType "swiss"]
[EventCountry "GER"]
[SourceTitle "playchess.com"]
[Source "ChessBase"]
[SourceQuality "1"]
[TimeControl "40/5400+30:1800+30"]

1. e4 {[%emt 0:00:00]} c5 {[%emt 0:00:00]} 2. Nf3 {[%emt 0:00:00]} e6 {[%emt 0:00:00]} 3. d4 {[%emt 0:00:00]} cxd4 {[%emt 0:00:00]} 4. Nxd4 {[%emt 0:00:01]} Nf6 {[%emt 0:00:00]} 5. Nc3 {[%emt 0:00:17]} d6 {[%emt 0:00:00]} 6. Be3 {[%emt 0:00:57]} Be7 {[%emt 0:00:00]} 7. f3 {[%emt 0:01:20]} O-O {[%emt 0:00:12]} 8. Qd2 {[%emt 0:00:23]} e5 {[%emt 0:00:12]} 9. Nb3 {[%emt 0:00:45]} Be6 {[%emt 0:00:07]} 10. O-O-O {[%emt 0:01:17]} a5 {[%emt 0:00:12]} 11. a4 {[%emt 0:01:53]} Nc6 {[%emt 0:00:16]} 12. g4 {[%emt 0:02:43]} Nb4 {[%emt 0:00:16]} 13. g5 {[%emt 0:01:57] B90: Sicilian Najdorf: Unusual White 6th moves, 6 Be3 Ng4 and 6 Be3 e5} Nh5 {[%emt 0:00:14]} 14. Rg1 {[%emt 0:01:18]} f5 {[%emt 0:00:45] [#]} 15. Bh3 $146 {[%emt 0:20:02]} ({Predecessor:} 15. h4 Rc8 16. Bb5 Kh8 17. Kb1 fxe4 18. fxe4 d5 19. Qh2 Nf4 20. Rgf1 Bd6 21. Bxf4 exf4 22. exd5 {0-1 (32) Vallejo Pons,F (2696)-Morozevich,A (2750) Novi Sad 2009}) 15... Qc8 {[%emt 0:08:50]} 16. Kb1 {[%emt 0:10:14]} fxe4 {[%emt 0:08:38]} 17. Bxe6+ {[%emt 0:00:29]} Qxe6 {[%emt 0:00:03]} 18. fxe4 {[%emt 0:00:16]} Rac8 {[%emt 0:10:44]} 19. Nxa5 {[%emt 0:19:09]} b5 {[%emt 0:06:50]} 20. Nd5 {[%emt 0:02:42]} Nxc2 {[%emt 0:00:45]} 21. axb5 {[%emt 0:00:41]} Nxe3 {[%emt 0:12:33]} 22. Qxe3 {[%emt 0:01:47]} Rc5 {[%emt 0:04:02]} 23. Nc6 {[%emt 0:01:18]} Bd8 $18 {[%emt 0:02:50]} 24. Qb3 {[%emt 0:17:23]} Nf4 {[%emt 0:19:44]} 25. Nde7+ {[%emt 0:05:54]} Kf7 {[%emt 0:00:42]} 26. Qxe6+ {[%emt 0:00:18]} Kxe6 {[%emt 0:00:15]} 27. Nf5 {[%emt 0:00:09]} Bc7 {[%emt 0:01:34]} 28. Rc1 {[%emt 0:03:40]} Nd3 {[%emt 0:08:49]} 29. Nxg7+ {[%emt 0:01:42]} Kf7 {[%emt 0:02:26]} 30. Rxc5 {[%emt 0:00:03]} Nxc5 {[%emt 0:00:13]} 31. Nh5 {[%emt 0:00:35]} Nxe4 {[%emt 0:03:15]} 32. Rf1+ {[%emt 0:00:24]} Ke8 {[%emt 0:01:49]} 33. Ng7+ {[%emt 0:00:10]} 1-0